000 01250nam a2200229Ia 4500
999 _c38123
_d38123
001 4111
003 GE_BSU
005 20190924113114.0
008 181216s1980||||ge |||||||||||||| ||geo||
040 _cGE_BSU
041 _ageo
080 _a398(479.223)+821.353.1 ს-24
245 _aსამხრეთ–დასავლეთ საქართველოს ზეპირსიტყვიერება :
_bტ.5 /
_cრედ მ. ჩიქოვანი.
264 _a თბილისი :
_bმეცნიერება,
_c1980.
300 _a82 გვ. ;
_b21 სმ.
653 _aსაქართველოს ზეპირსიტყვიერება
700 _aჩიქოვანი, მ.
_eრედაქტორი
_94269
710 _aსაქართველოს სსრ მეცნიერებათა აკადემია
_94270
710 _aბათუმის სამეცნიერო-კვლევითი ინსტიტუტი
_94263
710 _aბათუმის ნ. ბერძენიშვილის სახელობის სამეცნიერო-კვლევითი ინსტიტუტი
_94264
942 _cBK
_2udc